000
00282nam a22001337a 4500
008
170213b xxu||||| |||| 00| 0 eng d
020
_a
9780822318163
041
_a
eng
080
_a
61
100
_a
4
101
_a
SHM
245
_a
MAN-MADE MEDICINE
_c
MOSS, K.L
942
_2
udc
_c
BK
999
_c
5211
_d
5211